IFM Opac

Price theory (Record no. 14295)

MARC details
000 -LEADER
fixed length control field 00318nam a22001457a 4500
082 ## - DEWEY DECIMAL CLASSIFICATION NUMBER
Classification number 330RYA
100 ## - MAIN ENTRY--PERSONAL NAME
Personal name Ryan, W.J.L.
245 ## - TITLE STATEMENT
Title Price theory
260 ## - PUBLICATION, DISTRIBUTION, ETC.
Place of publication, distribution, etc. London
Name of publisher, distributor, etc. Macmillan
Date of publication, distribution, etc. 1965
300 ## - PHYSICAL DESCRIPTION
Extent ix,396
Other physical details ill,:25cm
500 ## - GENERAL NOTE
General note Includes Index
650 ## - SUBJECT ADDED ENTRY--TOPICAL TERM
Topical term or geographic name entry element Price theory
700 ## - ADDED ENTRY--PERSONAL NAME
Personal name Ryan, W.J.L.
942 ## - ADDED ENTRY ELEMENTS (KOHA)
Koha item type Books
Holdings
Withdrawn status Lost status Damaged status Not for loan Home library Current library Shelving location Date acquired Total Checkouts Full call number Barcode Date last seen Price effective from Koha item type
Withdrawn       IFM Main Campus Library IFM Main Campus Library Archival Collection 12/01/2015   330RYA 0000009239 12/01/2015 02/19/2022 Books